000 00718nam a2200193Ia 4500
003 GCL
008 140319s9999 xx 000 0 ara d
020 _a4602215977
040 _aGCL /
_cGCL
082 0 4 _a922.1
_bس ش
100 1 _aسعد القاضى
245 1 0 _aشيخ الديار المصرية - سيدى ذو النون المصرى /
_cسعد القاضى
260 _aالقاهرة :
_bدار غريب للطباعة والنشر والتوزيع ،
_c2001
300 _a64 ص ؛
_c20 ص
650 0 4 _aالاسلام - تراجم
650 0 4 _aالرجال - تراجم
650 0 4 _aذو النون المصرى: ابو الفيض ثوبان بن ابراهيم الاخميمى
942 _2ddc
_cBK
999 _c3247
_d3247